| 000 | 00413nam a2200169Ia 4500 | ||
|---|---|---|---|
| 008 | 180424s9999 xx 000 0 und d | ||
| 084 | _a510.78 R1:5 | ||
| 100 | _a"Rajaraman, V" | ||
| 245 | 0 | _aComputer Programming in FORTRAN 4 | |
| 250 | _a\\198701ENGGPCX | ||
| 260 | _aPrentice Hall | ||
| 260 | _b1987 | ||
| 260 | _cNew Delhi | ||
| 300 | _a178p | ||
| 500 | _aincludes index and biblioraphy | ||
| 942 | _cBK | ||
| 999 |
_c50262 _d50262 |
||